Private military and security companies: legal and political ambiguities impacting the global governance of warfare in public arenas (Record no. 510593)
[ view plain ]
| 000 -LEADER | |
|---|---|
| fixed length control field | 01838nam a2200193 4500 |
| 008 - FIXED-LENGTH DATA ELEMENTS--GENERAL INFORMATION | |
| fixed length control field | 190826b ||||| |||| 00| 0 eng d |
| 100 ## - MAIN ENTRY--PERSONAL NAME | |
| Personal name | Saner, Raymond |
| 245 ## - TITLE STATEMENT | |
| Title | Private military and security companies: legal and political ambiguities impacting the global governance of warfare in public arenas |
| 260 ## - PUBLICATION, DISTRIBUTION, ETC. (IMPRINT) | |
| Date of publication, distribution, etc | 2019 |
| 300 ## - PHYSICAL DESCRIPTION | |
| Extent | p.63-71. |
| 520 ## - SUMMARY, ETC. | |
| Summary, etc | As public opinion in the West veers away from supporting national military interventions abroad, there has been a covert yet substantial proliferation in the use of private military and security companies (PMSCs). While such companies can offer cost effective and politically convenient solutions to counter international instability or to further foreign relations priorities, the trail of human rights abuses they leave in their wake suggests that the global governance of warfare has not advanced quickly enough to adequately monitor the increasing privatisation of warfare. In response, this article addresses the debate surrounding the use of PMSCs. The idea of legal and political ambiguities is crucial to this debate and is differentiated from ideas concerning absent regulatory mechanisms. The current regulatory environment of significance to the PMSC industry is ambiguous as a result of porous legal boundaries and incongruent policies due to competing political and judicial systems: national, regional, and international. Accordingly, it is essential to consider how ambiguities could be reduced and turned into legal certainty through both hard and soft law to prevent human rights abuses. - Reproduced. |
| 650 ## - SUBJECT ADDED ENTRY--TOPICAL TERM | |
| Topical term or geographic name as entry element | Military, private |
| 9 (RLIN) | 8839 |
| 650 ## - SUBJECT ADDED ENTRY--TOPICAL TERM | |
| Topical term or geographic name as entry element | Security, Private |
| 9 (RLIN) | 8840 |
| 700 ## - ADDED ENTRY--PERSONAL NAME | |
| Personal name | Uchegbu, Amaka |
| 9 (RLIN) | 8841 |
| 700 ## - ADDED ENTRY--PERSONAL NAME | |
| Personal name | Yiu, Lichia |
| 9 (RLIN) | 8842 |
| 773 ## - HOST ITEM ENTRY | |
| Main entry heading | Asia Pacific Journal of Public Administration |
| 906 ## - LOCAL DATA ELEMENT F, LDF (RLIN) | |
| Subject DIP | Warfare |
| 942 ## - ADDED ENTRY ELEMENTS (KOHA) | |
| Source of classification or shelving scheme | |
| Item type | Articles |
No items available.
